000 00873cam a2200217 4500
001 ABS65325
008 020501n2002 000 0 eng u
035 _a(Sirsi) u117792
100 _aHarvey, N
245 _aConsultants' fees on construction projects
260 _c2002
490 _aCSM
_bChartered Surveyor Monthly
_vApril 2002, 24-25(2)
520 _aDiscusses recent BCIS research on predicting level of consultants' fees at an early stage, and offers advice on estimating fee levels for particular projects. BCIS research results are published in "Review of consultants' fees on construction projects", available from BCIS t +44 (0)20 7695 1500. Tables. Graphs. Worked examples.
590 _aABS
650 _aBCIS
650 _aCONSULTANTS FEES
650 _aFEES
650 _aCONSTRUCTION PROJECTS
690 _aBlock management
_96220
942 _n0
999 _c70142
_d70142